| 000 | 01069nam a2200301 a 4500 | ||
|---|---|---|---|
| 005 | 20200104041531.0 | ||
| 008 | 140305s2000 ck a fr||||o000 0 spa d | ||
| 040 |
_aCO-BoIAVH _cCO-BoIAVH |
||
| 041 | 0 | _aspa | |
| 044 | _ack | ||
| 082 | 0 | 4 |
_a333.736 _bM66p |
| 110 | 2 |
_bMinisterio del Medio Ambiente _aColombia. |
|
| 245 | 1 | 0 | _aPrimer informe nacional de implementación de la conservación de las Naciones Unidas de lucha contra la desertificación y la sequía |
| 260 |
_aBogotá : _bMinisterio del Medio Ambiente, _c2000. |
||
| 300 |
_a84 páginas : _bIlustraciones; _c28 x 22 cm. |
||
| 650 | 6 | _aDesertificación | |
| 650 | 6 | _aGestión ambiental | |
| 650 | 6 | _aAspectos socioeconómicos | |
| 650 | 6 | _aIndicadores ambientales | |
| 650 | 6 | _aClima | |
| 650 | 6 | _aConservación de biodiversidad | |
| 650 | 6 | _aPolítica Nacional Ambiental | |
| 650 | 6 | _aLey 388 de 1997 | |
| 650 | 6 | _aLey 99 del 22 de diciembre de 1993 | |
| 662 | _aColombia | ||
| 650 | 6 | _aSequía | |
| 942 |
_cLIBRO _2ddc |
||
| 999 |
_c2342 _d2342 |
||